Responses for Show #4338 - Wednesday, June 11, 2003

Contestants

[<< previous game]

Ray Burns, a custom motorcycle shop owner from Cody, Wyoming

Tara Gallagher, a bookkeeper from Seattle, Washington

Donna Duessel, an environmental manager from Derby, Connecticut (whose 1-day cash winnings total $22,001)

[next game >>]

Jeopardy! Round responses

LITERARY QUOTES
GUINNESS RECORDS
FILMED IN HAWAII
PET PEEVES
OPERA
FOLLOW "DE" LEADER
    $200 12
Moby-Dick

Ray
    $200 11
Col. Harland Sanders

Tara
    $200 22
Elvis Presley

Tara
    $200 1
parrot

Donna
    $200 17
The Barber of Seville

Ray
    $200 6
deuce

Tara
    $400 13
Little Women

Tara
    $400 27
(Ray: What is the Hope Diamond?)

the Mona Lisa

TaraRay
    $400 23
Esther Williams

Ray
    $400 2
bones

Ray
    $400 18
consumption

Tara
    $400 7
destitute

Tara
    $600 14
Thing One & Thing Two

Tara
    $600 28
sequoia

Tara
    $600 24
Jurassic Park

Donna
    $600 3
rabbits

Ray
    $600 19
Salome

Tara
    $600 8
decathlon

Donna
    $800 15
Shangri-La

Tara
    $2,400 29
flamenco

Tara
    $800 25
Outbreak

Tara
    $800 4
mange

Ray
    $800 20
Victor Hugo

Tara
    $800 9
deify

Ray
    $1000 16
David Copperfield

Tara
    $1000 30
Pan-American Highway

Ray
    $1000 26
Ernest Hemingway

Donna
    $1000 5
feral

Ray
    $1000 21
(Ray: Who is Tchaikovsky?)

Sergei Prokofiev

Ray
Triple Stumper
    $1000 10
despot

Ray

Scores at the first commercial break (after clue 16):

Donna Tara Ray
$800 $3,600 $4,800

Scores at the end of the Jeopardy! Round:

Donna Tara Ray
$2,400 $9,800 $5,000

Double Jeopardy! Round responses

HISTORIC GROUPS
PEOPLE'S MOST INTRIGUING PEOPLE
(Alex: It refers to the magazine's annual list of the 25 intriguing people in the world.)
THERE ARE PLACES
RIBBONS
DEM BONES
"A" OK
    $400 6
World War I

Ray
    $400 26
Madonna

Donna
    $400 11
Buffalo

Donna
    $400 16
red ribbon

Tara
    $400 18
ribs

Donna
    $400 1
(Ray: Who is Troy Aiken?)

Troy Aikman

DonnaRay
    $800 7
Francisco Franco

Tara
    $800 27
Fidel Castro

Tara
    $800 12
Plymouth

Donna
    $800 17
(Alex: They still have them.)

typewriter

Ray
    $800 19
patella

Ray
    $800 2
Louis Armstrong

Tara
    $1200 8
(Donna: What is Frangelico?)

Chartreuse

DonnaTara
    $1200 28
Elizabeth Taylor

Tara
    $1200 13
Pamplona

Ray
    $1200 23
microphone

Ray
    $1200 20
femur (thighbone)

Donna
    $1200 3
all clear

Tara
    $3,500 9
(Tara: What is Capet?)

Bourbons

Tara
    $2,000 29
Patricia Hearst

Tara
    $1600 14
Leipzig

Donna
    $1600 24
Pisces

Triple Stumper
    $1600 21
hammer, anvil & stirrup

Ray
    $1600 4
(Tara: Who is Benedict Arnold?)
.....
(Alex: Our researchers found out that Benedict Arnold did have troops at the Battle of Fort Ticonderoga, so your response is accepted.)

Ethan Allen

Tara
    $2000 10
the Illuminati

Tara
    $2000 30
Jean Harris

Tara
    $2000 15
Whitehorse

Tara
    $2000 25
(Alex: I can do that!)

rhythmic gymnastics

Donna
    $2000 22
Tarsus

Donna
    $2000 5
avoirdupois

Ray

Scores at the end of the Double Jeopardy! Round:

Donna Tara Ray
$10,400 $22,300 $12,600

[wagering suggestions for these scores]

Final Jeopardy! Round responses

SCIENTIFIC THEORIES
DonnaWhat is a butterfly?
$8,000
RayWhat is the caterpillar?
$12,599
TaraWhat is the butterfly?
$3,000
the butterfly

Final scores:

Donna Tara Ray
$18,400 $25,300 $1
2nd place: $2,000 New champion: $25,300 3rd place: $1,000

Game dynamics:

Coryat scores:

Donna Tara Ray
$10,400 $23,800 $12,600
13 R,
1 W
27 R
(including 2 DDs),
1 W
(including 1 DD)
17 R,
3 W

Combined Coryat: $46,800

[game clues] [game scores] [suggest correction]

Game tape date: 2003-02-19
The J! Archive is created by fans, for fans. Scraping, republication, monetization, and malicious use prohibited; this site may use cookies and collect identifying information. See terms. The Jeopardy! game show and all elements thereof, including but not limited to copyright and trademark thereto, are the property of Jeopardy Productions, Inc. and are protected under law. This website is not affiliated with, sponsored by, or operated by Jeopardy Productions, Inc. Join the discussion at JBoard.tv.